[Event "Capablanca Memorial op 12th"]
[Site "Fortaleza"]
[Date "1997.??.??"]
[Round "3"]
[White "Segal, Alexandru Sorin"]
[Black "Roofthoofd, Marcel"]
[Result "1/2-1/2"]
[WhiteElo "2310"]
[BlackElo "2300"]
[PlyCount "38"]
[EventDate "1997.11.??"]
[EventType "swiss"]
[EventRounds "7"]
[EventCountry "BRA"]
[SourceTitle "EXT 1999"]
[Source "ChessBase"]
[SourceDate "1998.11.16"]
[SourceVersion "1"]
[SourceVersionDate "1998.11.16"]
[SourceQuality "1"]

1. b3 e5 2. Bb2 d6 3. g3 Nf6 4. Bg2 Be7 5. c4 0-0 6. Nc3 c6 7. d4 Qa5 8. e3 Re8 9. Nge2 Bg4 10. dxe5 dxe5 11. 0-0 Ba3 12. Bxa3 Qxa3 13. Qc1 Qxc1 14. Raxc1 Nbd7 15. h3 Be6 16. Rfd1 Rad8 17. Rd2 Nc5 18. Rcd1 Rxd2 19. Rxd2 Kf8 1/2-1/2

[Event "Antwerp op"]
[Site "Antwerp"]
[Date "1996.??.??"]
[Round "6"]
[White "Roofthoofd, Marcel"]
[Black "Lane, Gary William"]
[Result "0-1"]
[WhiteElo "2295"]
[BlackElo "2405"]
[PlyCount "68"]
[EventDate "1996.07.??"]
[EventType "swiss"]
[EventRounds "9"]
[EventCountry "BEL"]
[SourceTitle "EXT 1999"]
[Source "ChessBase"]
[SourceDate "1998.11.16"]
[SourceVersion "1"]
[SourceVersionDate "1998.11.16"]
[SourceQuality "1"]

1. e4 e5 2. Nf3 Nc6 3. d4 exd4 4. Bc4 Bc5 5. 0-0 d6 6. c3 Bg4 7. Qb3 Bxf3 8. Bxf7+ Kf8 9. Bxg8 Rxg8 10. gxf3 Qd7 11. Nd2 Re8 12. Kh1 g5 13. Rg1 dxc3 14. bxc3 Ne5 15. Ba3 Bxf2 16. Rg2 Bb6 17. Rf1 Qf7 18. c4 Ke7 19. Bb4 Kd8 20. a4 a5 21. Bc3 Kc8 22. Qb5 Nd3 23. Bxa5 Re5 24. c5 Rxc5 25. Qxd3 Bxa5 26. Rb1 Rf8 27. Nb3 Rc3 28. Qb5 Bb6 29. a5 Be3 30. a6 bxa6 31. Qxa6+ Kd8 32. Qa8+ Ke7 33. Qa5 Rc4 34. Rg3 Rc2 0-1